UBT Library

Free to teach : (Record no. 40707)

000 -LEADER
fixed length control field 00785cam a2200241 a 4500
001 - CONTROL NUMBER
control field 1069526
005 - DATE AND TIME OF LATEST TRANSACTION
control field 20180123034000.0
008 - FIXED-LENGTH DATA ELEMENTS--GENERAL INFORMATION
fixed length control field 910315s1991 nyu b 000 0 eng
010 ## - LIBRARY OF CONGRESS CONTROL NUMBER
LC control number 91012785
020 ## - INTERNATIONAL STANDARD BOOK NUMBER
International Standard Book Number 0829809058 (alk. paper) :
Terms of availability $16.95
040 ## - CATALOGING SOURCE
Original cataloging agency DLC
Transcribing agency DLC
Modifying agency DLC
041 ## - LANGUAGE CODE
Language code of text/sound track or separate title eng
043 ## - GEOGRAPHIC AREA CODE
Geographic area code n-us---
080 ## - UNIVERSAL DECIMAL CLASSIFICATION NUMBER
Universal Decimal Classification number 371.102 joe
082 00 - DEWEY DECIMAL CLASSIFICATION NUMBER
Classification number 371.102 joe
Edition number 20
100 1# - Rafti
Rafti 40
101 ## - Shkurtesa
Shkurtesa edu
245 10 - TITLE STATEMENT
Title Free to teach :
Statement of responsibility, etc Joe Nathan ; [foreword by Herbert Kohl].
504 ## - BIBLIOGRAPHY, ETC. NOTE
Bibliography, etc Includes bibliographical references (p. 223-233).
906 ## - LOCAL DATA ELEMENT F, LDF (RLIN)
a 7
b cbc
c orignew
d 1
e ocip
f 19
g y-gencatlg
942 ## - ADDED ENTRY ELEMENTS (KOHA)
Source of classification or shelving scheme
Item type Books
Holdings
Withdrawn status Lost status Source of classification or shelving scheme Damaged status Not for loan Collection code Permanent location Current location Shelving location Date acquired Total Checkouts Full call number Barcode Date last seen Price effective from Koha item type
          Koleksioni i përgjithshem UBT - Lipjan UBT - Lipjan Koleksioni i përgjithshem 01/23/2018   371.102 joe 002-2996079 01/23/2018 01/23/2018 Books
UBT Library © 2015-2024. All rights reserved University Education for Business and Technology